01295nam a2200385 i 450000100060000000300090000600500170001500800390003202000150007104000360008604100070012208000110012908000120014010000400015224500440019226000900023630000210032633600270034733700540037433800280042838000160045638000270047238500390049938800140053838800140055250400240056665000310059065000140062165000140063565500300064965800340067965800280071371000700074185600980081125033KOSZ 00520200505111828.0 s1996 pl f |000 0 pol a838603159X cKOSZ 005aKOSZ 005dKOSZ 005/EG0 apl a338.43 a(075.8)1 aWoś, Augustynd(1932-2010)eAutor10aPodstawy agrobiznesu /cAugustyn Woś. aWarszawa :bWydawnictwa Prywatnej Wyższej Szkoły Businessu i Administracji,c1996. a202 s. ;c24 cm. 2rdacontentaTekstbtxt 2rdamediaaBez urządzenia pośredniczącegobn 2rdacarrieraWoluminbnc aKsiążki aPublikacje dydaktyczne mPoziom nauczaniaaSzkoły wyższe a1901-2000 a1989-2000 aBibliogr. po rozdz. 7aGospodarka żywnościowa 7aRolnictwo 7aEkonomika aPodręczniki akademickie aGospodarka, ekonomia, finanse aRolnictwo i leśnictwo2 aWydawnictwa Prywatnej Wyższej Szkoły Businessu i Administracji uhttp://koha.tu.koszalin.pl/cgi-bin/koha/opac-detail.pl?biblionumber=25033yKatalog online BPK